[Event "Tournoi Skype 028A"]
[Site "Skype"]
[Date "????.??.??"]
[Round "5.35"]
[White "Morelli, Daniel"]
[Black "Gadow, Martin"]
[Result "0-1"]
[WhiteElo "1370"]
[BlackElo "1521"]
[PlyCount "100"]

1. e4 c5 2. Nc3 e6 3. f4 Nc6 4. Bb5 a6 5. Bxc6 bxc6 6. Nf3 d6 7. d3 Qc7 8. O-O
Be7 9. Ne2 Nf6 10. h3 O-O 11. Ng3 e5 12. f5 d5 13. Bg5 h6 14. Bh4 dxe4 15. Nxe4
Nxe4 16. Bxe7 Qxe7 17. dxe4 Rd8 18. Qe1 c4 19. c3 Rb8 20. Rb1 a5 21. Qg3 f6 22.
b3 Qc5+ 23. Qf2 Qxf2+ 24. Rxf2 cxb3 25. a3 Ba6 26. a4 Rd3 27. Rfb2 Rxc3 28. Nd2
Bd3 29. Rxb3 Rbxb3 30. Rxb3 Rxb3 31. Nxb3 Bc2 32. Nc5 Kf7 33. Kf2 g6 34. fxg6+
Kxg6 35. Ke3 f5 36. g3 Bxe4 37. Nxe4 fxe4 38. Kxe4 Kf6 39. g4 Ke6 40. h4 c5 41.
g5 h5 42. g6 c4 43. g7 Kf7 44. Kxe5 c3 45. Kd4 c2 46. Kc4 c1=Q+ 47. Kb5 Qd2 48.
Ka6 Qb4 49. Ka7 Qxa4 50. Ka6 Kxg7 0-1

[Event "Tournoi Skype 028A"]
[Site "Skype"]
[Date "????.??.??"]
[Round "5.36"]
[White "Khetre, Gaurav"]
[Black "Le Brun, Yves"]
[Result "1-0"]
[WhiteElo "1540"]
[BlackElo "1338"]
[PlyCount "67"]

1. d4 Nf6 2. c4 g6 3. Nf3 Bg7 4. g3 d6 5. Bg2 c6 6. O-O O-O 7. Nc3 Nbd7 8. e4
e5 9. d5 c5 10. Be3 Re8 11. Qd2 Kh8 12. Bg5 a6 13. h3 Qc7 14. Rfe1 Ng8 15. a3
f6 16. Be3 Nb6 17. b3 Bd7 18. Rab1 Qc8 19. Kh2 Re7 20. Bf1 Qf8 21. b4 Bh6 22.
bxc5 Bxe3 23. Qxe3 Na4 24. cxd6 Ree8 25. c5 Nxc3 26. Qxc3 Bb5 27. Bxb5 axb5 28.
Rxb5 Qf7 29. Reb1 Reb8 30. c6 Qf8 31. c7 Rc8 32. d7 Rxa3 33. Qxa3 Qxa3 34.
dxc8=Q 1-0

[Event "Tournoi Skype 028A"]
[Site "Skype"]
[Date "????.??.??"]
[Round "5.37"]
[White "Galani, Mahendra"]
[Black "Pouteau, Pascal"]
[Result "1-0"]
[WhiteElo "1526"]
[BlackElo "1345"]
[PlyCount "99"]

1. Nc3 Nf6 2. e4 e5 3. Nf3 Nc6 4. Be2 Be7 5. d4 Bb4 6. Bg5 d6 7. Bb5 Bd7 8. O-O
O-O 9. Qd3 a6 10. Bc4 Na5 11. Nd5 Nxc4 12. Qxc4 Ba5 13. Nxf6+ gxf6 14. Bh4 Bb5
15. Qb3 Bxf1 16. Rxf1 Bb6 17. dxe5 dxe5 18. Nxe5 Qe7 19. Qg3+ Kh8 20. Ng4 Rg8
21. Qf4 Bd4 22. Nxf6 Be5 23. Qf5 Rg7 24. Kh1 Qe6 25. Qf3 Rg6 26. Nh5 Rag8 27.
Rg1 Qd6 28. g3 Re8 29. Qb3 Rg4 30. Qf3 Qg6 31. Bf6+ Kg8 32. h3 Qxh5 33. Qxg4+
Qxg4 34. hxg4 Bxf6 35. f4 Bxb2 36. e5 Re6 37. Rb1 Rb6 38. Rd1 Kf8 39. Rd8+ Ke7
40. Rd5 Re6 41. c4 c6 42. Rd2 Ba3 43. Kg2 Bc5 44. Kf3 Ba7 45. Ke4 f6 46. Kf5
Bb8 47. Re2 fxe5 48. g5 Kf7 49. Rh2 Bd6 50. Rxh7+ 1-0

[Event "Tournoi Skype 028A"]
[Site "Skype"]
[Date "????.??.??"]
[Round "5.39"]
[White "Gharbi, Said"]
[Black "Zequeda, Javier"]
[Result "0-1"]
[WhiteElo "1456"]
[BlackElo "1183"]
[PlyCount "64"]

1. e4 e5 2. d4 exd4 3. c3 dxc3 4. Bc4 Qe7 5. Nxc3 Nf6 6. Bg5 d6 7. Bxf6 Qxf6 8.
Nd5 Qd8 9. Nf3 c6 10. Ne3 Be7 11. O-O O-O 12. Nd4 Bf6 13. Qc2 Bxd4 14. Nf5 Bf6
15. Ng3 d5 16. exd5 cxd5 17. Bd3 g6 18. Qd2 Nc6 19. Nh5 Bg5 20. f4 Bh6 21. Qc3
Qb6+ 22. Kh1 gxh5 23. Rf3 d4 24. Qc2 f5 25. Rg3+ Kh8 26. Rh3 Nb4 27. Qb1 Nxd3
28. Rxd3 Qd6 29. Rf3 Bxf4 30. Rh3 Qg6 31. Qe1 Rg8 32. Rxh5 Qxg2# 0-1

[Event "Tournoi Skype 028A"]
[Site "Skype"]
[Date "????.??.??"]
[Round "5.40"]
[White "Carballo, Jorge"]
[Black "Ortiz, Vladimir"]
[Result "1/2-1/2"]
[WhiteElo "1367"]
[BlackElo "1419"]
[PlyCount "73"]

1. d4 d5 2. Nf3 Bf5 3. Bf4 e6 4. e3 Bd6 5. Ne5 Nd7 6. Nd2 Nxe5 7. dxe5 Be7 8.
Nf3 a6 9. Bd3 Bxd3 10. Qxd3 c5 11. O-O c4 12. Qd2 Bc5 13. c3 Rc8 14. Rfd1 Ne7
15. e4 dxe4 16. Qxd8+ Rxd8 17. Rxd8+ Kxd8 18. Rd1+ Ke8 19. Nd2 e3 20. Bxe3 Bxe3
21. fxe3 b5 22. Ne4 Nc8 23. Nd6+ Ke7 24. Nxc8+ Rxc8 25. Kf2 Rd8 26. Rxd8 Kxd8
27. Kf3 Kd7 28. Ke4 Kc6 29. Kd4 Kb6 30. e4 Kc6 31. b3 cxb3 32. axb3 a5 33. c4
b4 34. g4 g5 35. h3 h6 36. Ke3 Kc5 37. Kd3 1/2-1/2

[Event "Tournoi Skype 028A"]
[Site "Skype"]
[Date "????.??.??"]
[Round "5.41"]
[White "Aceituno, Stebe"]
[Black "Engstrom, Olle"]
[Result "0-1"]
[WhiteElo "1400"]
[BlackElo "1463"]
[PlyCount "108"]

1. Nf3 Nf6 2. b3 d6 3. Bb2 e5 4. d3 Be7 5. g3 O-O 6. Bg2 Nc6 7. O-O Re8 8. c4
Bf8 9. Nbd2 Ne7 10. Rc1 c5 11. Ng5 h6 12. Nge4 Nxe4 13. Nxe4 Nc6 14. e3 Be6 15.
h3 Rc8 16. Nc3 Qd7 17. Kh2 f5 18. Nd5 Ne7 19. d4 cxd4 20. exd4 Bxd5 21. cxd5 e4
22. Rxc8 Rxc8 23. Qe2 Nxd5 24. Rc1 Rxc1 25. Bxc1 Qc6 26. Qc4 Qxc4 27. bxc4 Nb6
28. Bf1 d5 29. c5 Nc8 30. Bf4 Kf7 31. Bb5 g5 32. Be5 Bg7 33. Bxg7 Kxg7 34. Bd7
Ne7 35. Kg2 Kf6 36. g4 f4 37. Kf1 Nc6 38. Bxc6 bxc6 39. Ke2 Ke7 40. a4 Kd7 41.
a5 Ke6 42. Kd2 a6 43. Ke2 Kf6 44. f3 exf3+ 45. Kxf3 Kg6 46. Kg2 h5 47. gxh5+
Kxh5 48. Kf3 Kh4 49. Kg2 f3+ 50. Kxf3 Kxh3 51. Kf2 g4 52. Kg1 Kg3 53. Kh1 Kf2
54. Kh2 g3+ 0-1

[Event "Tournoi Skype 028A"]
[Site "Skype"]
[Date "????.??.??"]
[Round "5.42"]
[White "Chavero, Victor"]
[Black "Ramirez Reina, Orlando"]
[Result "1-0"]
[WhiteElo "1283"]
[BlackElo "1385"]
[PlyCount "85"]

1. d4 d5 2. Nf3 Nf6 3. e3 e6 4. Bd3 Bd6 5. b3 c6 6. Bb2 Nbd7 7. Nbd2 Qc7 8. Qe2
O-O 9. O-O Re8 10. e4 e5 11. c4 dxe4 12. Nxe4 Nxe4 13. c5 Bf8 14. Bxe4 Nf6 15.
Nxe5 Nxe4 16. Qxe4 f6 17. f4 fxe5 18. fxe5 Be6 19. Rf4 Bd5 20. Qf5 Qe7 21. Raf1
g6 22. Qg4 Be6 23. Qf3 Bd5 24. Qf2 Bh6 25. Rf6 Rf8 26. h4 Rxf6 27. exf6 Kf7 28.
fxe7+ Kxe7 29. Qf6+ Kd7 30. Qd6+ Ke8 31. Re1+ Kf7 32. Qe7+ Kg8 33. Qxb7 Rf8 34.
Bc1 Bg7 35. Bb2 Bh6 36. Re7 Rf7 37. Rxf7 Bxf7 38. Qc8+ Bf8 39. Qxc6 Bg7 40.
Qa8+ Bf8 41. Qxa7 Bd5 42. Qd7 Bf7 43. c6 1-0

[Event "Tournoi Skype 028A"]
[Site "Skype"]
[Date "????.??.??"]
[Round "6.1"]
[White "Sanchez Ruiz, Justo"]
[Black "Deville, Olivier"]
[Result "1-0"]
[WhiteElo "1547"]
[BlackElo "1823"]
[PlyCount "45"]

1. e4 c5 2. Nf3 d6 3. d4 Nf6 4. Nc3 cxd4 5. Nxd4 Nc6 6. Bc4 Qb6 7. Nb3 e6 8.
Be3 Qc7 9. Bd3 Be7 10. f4 a6 11. Qf3 O-O 12. g4 b5 13. g5 Nd7 14. O-O-O Bb7 15.
Kb1 Na5 16. h4 Nc4 17. Bc1 b4 18. Ne2 a5 19. Nbd4 a4 20. Qh5 Rac8 21. f5 e5 22.
f6 g6 23. Qh6 1-0

[Event "Tournoi Skype 028A"]
[Site "Skype"]
[Date "????.??.??"]
[Round "6.2"]
[White "Montalvo, Mario"]
[Black "Zendeboodi, Fariba"]
[Result "1/2-1/2"]
[WhiteElo "1811"]
[BlackElo "1468"]
[PlyCount "33"]

1. d4 Nf6 2. Nc3 g6 3. Bf4 Bg7 4. Qd2 d6 5. O-O-O O-O 6. Bh6 Nbd7 7. h4 e5 8.
Bxg7 Kxg7 9. e3 e4 10. h5 Nxh5 11. Nxe4 Ndf6 12. Nc3 d5 13. Nf3 Ng4 14. Bd3
Nhf6 15. Ne5 Re8 16. Nxg4 Nxg4 17. f3 1/2-1/2

[Event "Tournoi Skype 028A"]
[Site "Skype"]
[Date "????.??.??"]
[Round "6.3"]
[White "Figueroa, Tomas"]
[Black "Grosso, Raul"]
[Result "1-0"]
[WhiteElo "2093"]
[BlackElo "1746"]
[PlyCount "35"]

1. e4 c5 2. Nf3 g6 3. d4 cxd4 4. Nxd4 Nc6 5. Nc3 Bg7 6. Be3 Nf6 7. Bc4 O-O 8.
f3 Qb6 9. O-O Nxe4 10. Nd5 Qc5 11. Nxc6 Qxc4 12. Ncxe7+ Kh8 13. b3 Nc3 14. bxc4
Nxd1 15. Raxd1 b6 16. Nc7 Rb8 17. Bf4 Bb7 18. Rxd7 1-0

[Event "Tournoi Skype 028A"]
[Site "Skype"]
[Date "????.??.??"]
[Round "6.4"]
[White "Lopez, Jose Luis"]
[Black "Benson, Paul"]
[Result "1/2-1/2"]
[WhiteElo "1757"]
[BlackElo "1839"]
[PlyCount "61"]

1. e4 c5 2. Nc3 g6 3. f4 Bg7 4. Nf3 e6 5. d4 cxd4 6. Nxd4 a6 7. Be3 Ne7 8. Qf3
d5 9. exd5 Nxd5 10. Nxd5 Qxd5 11. Qxd5 exd5 12. O-O-O Be6 13. Be2 Nc6 14. h3
O-O 15. g4 Rfd8 16. Rhf1 Ne7 17. f5 Bxd4 18. Bxd4 gxf5 19. Bf6 Rd7 20. Bd3 fxg4
21. hxg4 Bxg4 22. Rg1 h5 23. Rde1 Ng6 24. Rxg4 hxg4 25. Rh1 Rd6 26. Bd4 Rad8
27. Kd2 Kf8 28. Rg1 Re6 29. Rxg4 Ke7 30. Bc5+ Kf6 31. Bd4+ 1/2-1/2

[Event "Tournoi Skype 028A"]
[Site "Skype"]
[Date "????.??.??"]
[Round "6.6"]
[White "Rico Hernandez, Edgar"]
[Black "Meza, Rafael"]
[Result "1-0"]
[WhiteElo "1772"]
[BlackElo "1251"]
[PlyCount "71"]

1. d4 e6 2. c4 Nf6 3. Bg5 h6 4. Bh4 Nc6 5. Nf3 Bb4+ 6. Nc3 Bxc3+ 7. bxc3 O-O 8.
Qc2 d5 9. e3 Re8 10. Bd3 dxc4 11. Bxc4 g5 12. Bg3 Nh5 13. Rd1 Nxg3 14. hxg3 Qf6
15. Bb5 Bd7 16. e4 Red8 17. e5 Qg7 18. Bd3 f6 19. exf6 Qxf6 20. O-O Kh8 21.
Rfe1 Rf8 22. Re3 b6 23. Rde1 Rae8 24. Be4 Rg8 25. Bxc6 Bxc6 26. Ne5 Bd5 27. c4
Bb7 28. d5 exd5 29. Rf3 Qxe5 30. Rxe5 Rxe5 31. Rf7 Re1+ 32. Kh2 Re4 33. f3 Rg7
34. Rf8+ Kh7 35. fxe4 dxe4 36. Qf2 1-0

[Event "Tournoi Skype 028A"]
[Site "Skype"]
[Date "????.??.??"]
[Round "6.7"]
[White "Mayor Martinez, Juan Jose"]
[Black "Vello, Pablo"]
[Result "1-0"]
[WhiteElo "1768"]
[BlackElo "1135"]
[PlyCount "67"]

1. d4 Nf6 2. c4 e6 3. a3 c5 4. d5 exd5 5. cxd5 d6 6. Nc3 Nbd7 7. e4 Nb6 8. Nf3
Bg4 9. Be2 Bxf3 10. Bxf3 Nc4 11. Qa4+ Qd7 12. Qxc4 Be7 13. Qb5 Qxb5 14. Nxb5
O-O 15. Nc3 Rac8 16. O-O Nd7 17. Be2 a6 18. a4 Bf6 19. Bd2 c4 20. Be3 Ne5 21.
Bd4 Rfe8 22. f4 Nd7 23. Bxf6 Nxf6 24. Bf3 Nd7 25. Bg4 Rc7 26. Bxd7 Rxd7 27.
Rfe1 Rde7 28. Re2 f5 29. Rae1 g6 30. e5 dxe5 31. fxe5 Rd7 32. d6 Re6 33. Nd5
Kg7 34. Nc7 1-0

[Event "Tournoi Skype 028A"]
[Site "Skype"]
[Date "????.??.??"]
[Round "6.8"]
[White "Trivedi, Viral"]
[Black "Calcino, Luis"]
[Result "1-0"]
[WhiteElo "1230"]
[BlackElo "1706"]
[PlyCount "65"]

1. d4 d5 2. Bf4 e6 3. e3 Nf6 4. Nd2 Bd6 5. Bg3 Nbd7 6. Bxd6 cxd6 7. Ngf3 O-O 8.
Be2 b6 9. O-O Bb7 10. c3 e5 11. Nh4 Re8 12. Nf5 Nf8 13. Bb5 Re6 14. f4 a6 15.
Ba4 b5 16. Bb3 Rc8 17. Nf3 Ng4 18. fxe5 dxe5 19. h3 Nxe3 20. Nxe3 exd4 21. Qxd4
Re4 22. Qd2 Qb6 23. Nd4 Rce8 24. Qf2 f6 25. Nxd5 Bxd5 26. Bxd5+ Kh8 27. Bxe4
Rxe4 28. Rae1 Qb7 29. Rxe4 Qxe4 30. Re1 Qd5 31. Nf5 Ne6 32. Qb6 g6 33. Qb8+ 1-0

[Event "Tournoi Skype 028A"]
[Site "Skype"]
[Date "????.??.??"]
[Round "6.9"]
[White "Altinok, Selim"]
[Black "Quintero Gemio, Antonio Joaquin"]
[Result "1-0"]
[WhiteElo "1536"]
[BlackElo "1673"]
[PlyCount "111"]

1. d4 d5 2. Nf3 Nf6 3. c4 e6 4. e3 Bb4+ 5. Bd2 Bd6 6. c5 Be7 7. Nc3 c6 8. Bd3
O-O 9. O-O Nbd7 10. Ne5 Qc7 11. f4 Re8 12. Qf3 Nf8 13. g4 Ng6 14. g5 Nd7 15.
Nxg6 fxg6 16. h4 Rf8 17. Qh3 Nb8 18. Qh2 Qd7 19. h5 Qe8 20. hxg6 hxg6 21. Kg2
Rf5 22. Rh1 Bf8 23. Qh7+ Kf7 24. Rh6 Ke7 25. Rxg6 Rf7 26. Rf1 Kd8 27. Ne2 Na6
28. Ng3 Bd7 29. e4 Nc7 30. f5 Rb8 31. Bf4 b6 32. cxb6 Rxb6 33. b3 Nb5 34. Be5
exf5 35. Nxf5 c5 36. Rxb6 axb6 37. Nxg7 Bxg7 38. Rxf7 Qxf7 39. Qxg7 Qxg7 40.
Bxg7 dxe4 41. Bxe4 cxd4 42. a4 Nd6 43. Bd3 Bf5 44. Bxf5 Nxf5 45. Bf6+ Ke8 46.
Kf2 Kf7 47. Ke2 Ke6 48. Kd3 Nd6 49. Kxd4 Kf5 50. Kd5 Ne4 51. Kc6 Nc5 52. Kxb6
Nxb3 53. Kb5 Nd2 54. a5 Ne4 55. Kc6 Ke6 56. a6 1-0

[Event "Tournoi Skype 028A"]
[Site "Skype"]
[Date "????.??.??"]
[Round "6.10"]
[White "Teles, Jeferson Lisboa"]
[Black "Yeter, Orhan"]
[Result "1-0"]
[WhiteElo "1599"]
[BlackElo "1245"]
[PlyCount "77"]

1. e4 e5 2. Nf3 Nc6 3. Bc4 Nf6 4. Ng5 d5 5. exd5 Na5 6. Bb5+ c6 7. dxc6 bxc6 8.
Ba4 h6 9. Nf3 Bd6 10. O-O O-O 11. c3 Qc7 12. b4 Nc4 13. d3 Nb6 14. Bb3 Nbd5 15.
a3 Bb7 16. c4 Nf4 17. c5 Be7 18. Re1 Nd7 19. Nc3 a5 20. Nxe5 Nxe5 21. Bxf4 axb4
22. Bxe5 Qd7 23. axb4 Rxa1 24. Qxa1 Qxd3 25. Bxg7 Ra8 26. Bxf7+ Kxg7 27. Ba2
Bf6 28. Re3 Qd4 29. Rg3+ Kh8 30. Qb1 Ba6 31. Qg6 Bg7 32. Bb1 Kg8 33. Qh7+ Kf8
34. Rf3+ Ke7 35. Re3+ Kd7 36. Bf5+ Kc7 37. Re7+ Kb8 38. Qg8+ Bc8 39. Qxc8# 1-0

[Event "Tournoi Skype 028A"]
[Site "Skype"]
[Date "????.??.??"]
[Round "6.11"]
[White "Ibarra Cantu, Raul Alberto"]
[Black "Alvarez, Juan Evangelista"]
[Result "1-0"]
[WhiteElo "1967"]
[BlackElo "1575"]
[PlyCount "114"]

1. e4 Nf6 2. e5 Nd5 3. d4 d6 4. Nf3 Qd7 5. Bc4 e6 6. O-O Nb6 7. Bd3 d5 8. c3 c5
9. dxc5 Bxc5 10. b4 Be7 11. Nd4 Qc7 12. f4 O-O 13. Qh5 g6 14. Qh6 f5 15. h4 Rf7
16. h5 Bf8 17. Qg5 h6 18. Qxg6+ Rg7 19. Nxe6 Bxe6 20. Qxe6+ Kh8 21. Bxf5 Rg3
22. Bg6 Qg7 23. f5 Nc6 24. f6 Qd7 25. Qxd7 Nxd7 26. e6 Nxf6 27. Rxf6 Bd6 28.
Bf7 Kg7 29. Rxh6 Ne5 30. Rg6+ Nxg6 31. Bxg6 Rxg6 32. hxg6 Kxg6 33. Na3 Kf6 34.
Nb5 Be5 35. Be3 Kxe6 36. Bxa7 Kf5 37. Rf1+ Kg4 38. a4 Rh8 39. Rf3 Bh2+ 40. Kf2
Bf4 41. Be3 Bxe3+ 42. Kxe3 Re8+ 43. Kd3 b6 44. Nd4 Ra8 45. Rf6 Rxa4 46. Rxb6
Ra8 47. Rd6 Rg8 48. Rxd5 Kg3 49. b5 Kxg2 50. Kc4 Kf2 51. Kc5 Ke3 52. Nc6 Ke4
53. c4 Rg1 54. b6 Rb1 55. Nb4 Ra1 56. b7 Ra5+ 57. Kc6 Rxd5 1-0

[Event "Tournoi Skype 028A"]
[Site "Skype"]
[Date "????.??.??"]
[Round "6.12"]
[White "Serrano Serrano, Samuel"]
[Black "Hilton, Stephen"]
[Result "0-1"]
[WhiteElo "1600"]
[BlackElo "1865"]
[PlyCount "82"]

1. d4 Nf6 2. c4 g6 3. Nc3 d5 4. Bg5 Bg7 5. e3 c6 6. Nf3 O-O 7. Be2 dxc4 8. Bxc4
Qa5 9. O-O b5 10. Bb3 Ba6 11. Re1 Nbd7 12. h3 Rad8 13. a3 c5 14. Qc2 Bb7 15.
Qe2 cxd4 16. Nxd4 a6 17. Bf4 e5 18. Ne6 fxe6 19. Bxe6+ Kh8 20. Bh2 Qb6 21. Ba2
Ba8 22. Rac1 Qb7 23. f3 Nc5 24. Bb1 Rfe8 25. e4 Qb6 26. Kh1 Nb3 27. Rcd1 Nd4
28. Qe3 Qe6 29. Rc1 a5 30. Ba2 Qe7 31. Nd5 Nxd5 32. exd5 Bxd5 33. Bb1 Bf7 34.
f4 Qf8 35. fxe5 Bd5 36. Bf4 Ne6 37. Bg3 Qe7 38. Rcd1 Qb7 39. Rd2 Bc6 40. Rde2
Rd7 41. Bc2 Red8 0-1

[Event "Tournoi Skype 028A"]
[Site "Skype"]
[Date "????.??.??"]
[Round "6.13"]
[White "Thoune, Jim"]
[Black "Hahnewald, Uwe"]
[Result "0-1"]
[WhiteElo "1598"]
[BlackElo "1823"]
[PlyCount "98"]

1. d4 Nf6 2. c4 e6 3. Nc3 Bb4 4. Qc2 O-O 5. Nf3 b6 6. e3 Bb7 7. Bd3 d5 8. cxd5
exd5 9. O-O Nbd7 10. a3 Bd6 11. Nb5 Qe7 12. Nxd6 Qxd6 13. Bd2 Rac8 14. Rac1 c5
15. Qa4 a6 16. Rfd1 Ne4 17. Be1 Qe6 18. Bb1 b5 19. Qb3 c4 20. Qc2 Nb6 21. Nd2
Nf6 22. Nf3 h6 23. Ne5 Rfe8 24. Bb4 Nbd7 25. Nxd7 Qxd7 26. Qe2 Ne4 27. Re1 f5
28. Qh5 Kh7 29. Qh3 g6 30. f3 Nf6 31. Bd2 Qg7 32. Rf1 Rc7 33. Qg3 Rce7 34. Rce1
Re6 35. h3 Nh5 36. Qf2 Qc7 37. f4 Nf6 38. Qf3 h5 39. Kf2 Kg7 40. Re2 Qb6 41.
Bc3 a5 42. Qg3 Kf7 43. Qf3 b4 44. axb4 axb4 45. Bd2 Ba6 46. Ree1 c3 47. bxc3
bxc3 48. Bxc3 Bxf1 49. Kxf1 Rc8 0-1

[Event "Tournoi Skype 028A"]
[Site "Skype"]
[Date "????.??.??"]
[Round "6.14"]
[White "Hurtado De Mendoza, Ramon Miguel"]
[Black "Elias, Roberto"]
[Result "0-1"]
[WhiteElo "1549"]
[BlackElo "1782"]
[PlyCount "52"]

1. e4 c5 2. Nc3 Nc6 3. Bc4 e6 4. f4 Nge7 5. Bb3 Nd4 6. d3 Nxb3 7. axb3 d5 8. d4
dxe4 9. Nxe4 cxd4 10. Nf3 Nc6 11. O-O Be7 12. c3 O-O 13. cxd4 Qb6 14. Be3 Rd8
15. Ra4 Na5 16. Bf2 Nxb3 17. d5 Nc5 18. b4 Rxd5 19. Qc2 Nxa4 20. Bxb6 Nxb6 21.
Nc5 Bd6 22. Ng5 f5 23. Ngxe6 Bxe6 24. Nxe6 Bxb4 25. Nxg7 Bc5+ 26. Qxc5 Rxc5 0-1

[Event "Tournoi Skype 028A"]
[Site "Skype"]
[Date "????.??.??"]
[Round "6.15"]
[White "Rapaire, Jean-Michel"]
[Black "Silvestre Da Silva, Sidnei"]
[Result "1-0"]
[WhiteElo "1742"]
[BlackElo "1566"]
[PlyCount "33"]

1. e4 c6 2. Nf3 d5 3. Nc3 dxe4 4. Nxe4 Bg4 5. h3 Bh5 6. Be2 e6 7. O-O Nf6 8.
Nxf6+ gxf6 9. d4 Bd6 10. Nh4 Bxe2 11. Qxe2 Qe7 12. Re1 Nd7 13. Qh5 O-O-O 14.
Nf5 Qf8 15. Bh6 Qg8 16. Nxd6+ Kb8 17. Qxf7 1-0

[Event "Tournoi Skype 028A"]
[Site "Skype"]
[Date "????.??.??"]
[Round "6.18"]
[White "Dal, Ibrahim"]
[Black "Saponara, Jose Maria"]
[Result "1-0"]
[WhiteElo "1626"]
[BlackElo "1524"]
[PlyCount "71"]

1. d4 d5 2. c4 e5 3. dxe5 d4 4. a3 Nc6 5. Nf3 Bg4 6. e3 Nge7 7. exd4 Bxf3 8.
gxf3 Nxd4 9. Be3 Nec6 10. f4 g6 11. Nc3 a5 12. Nd5 Ne6 13. Nf6+ Ke7 14. Bh3 Bg7
15. Nd5+ Ke8 16. Qa4 Kf8 17. O-O-O Qb8 18. Rd2 Bh6 19. Rhd1 Kg7 20. Bxe6 fxe6
21. Nxc7 Rf8 22. Nxe6+ Kh8 23. Nxf8 Qxf8 24. Qb5 Bxf4 25. Bxf4 Qxf4 26. Qxb7
Qxc4+ 27. Kb1 Rb8 28. Qc7 Qe4+ 29. Ka1 Re8 30. Rd7 g5 31. f3 Qc2 32. Rd8 Qg6
33. Rxe8+ Qxe8 34. Rd7 Nxe5 35. Rxh7+ Kg8 36. Qg7# 1-0

[Event "Tournoi Skype 028A"]
[Site "Skype"]
[Date "????.??.??"]
[Round "6.19"]
[White "Calderon, Francisco"]
[Black "Karia, Vijay"]
[Result "0-1"]
[WhiteElo "1604"]
[BlackElo "1482"]
[PlyCount "84"]

1. e4 d5 2. exd5 Qxd5 3. Nc3 Qa5 4. d4 c6 5. Bd2 Qb6 6. Bc1 Nf6 7. Na4 Qa5+ 8.
c3 Bg4 9. f3 Bf5 10. b4 Qc7 11. g4 Bg6 12. f4 e6 13. Qe2 Be7 14. h4 h6 15. Bg2
Nd5 16. Qd2 Nd7 17. Nh3 Bxh4+ 18. Kd1 Be7 19. a3 N7f6 20. Nf2 Bd6 21. f5 exf5
22. Re1+ Be7 23. c4 Nb6 24. Nxb6 Qxb6 25. Qe3 Qc7 26. g5 hxg5 27. Qxg5 O-O-O
28. Bh3 Rxd4+ 29. Bd2 Kb8 30. Qe3 Rhd8 31. Ra2 Qd7 32. Bf1 Ne4 33. Nxe4 Rxe4
34. Qf3 Rd4 35. Qf2 Bh4 36. Qh2+ Ka8 37. Re3 f4 38. Rh3 Bg3 39. Qe2 f3 40. Qe3
Bf4 41. Qf2 Bxd2 42. Qxf3 Bc3+ 0-1

[Event "Tournoi Skype 028A"]
[Site "Skype"]
[Date "????.??.??"]
[Round "6.20"]
[White "Ram, Madhukesh"]
[Black "Lucena Vaz, Jose"]
[Result "0-1"]
[WhiteElo "1243"]
[BlackElo "1674"]
[PlyCount "53"]

1. e4 g6 2. d4 Bg7 3. Nf3 d6 4. c4 Nf6 5. Nc3 O-O 6. Be2 e5 7. d5 a5 8. O-O
Nbd7 9. Be3 b6 10. a3 Nc5 11. Bxc5 bxc5 12. Nb5 Bd7 13. a4 Nxe4 14. Qc2 f5 15.
Bd3 Nf6 16. Nh4 e4 17. Be2 Ne8 18. g3 Bf6 19. Ng2 Bg7 20. Nf4 Qe7 21. Rad1 Qe5
22. Nc3 Qe7 23. Nb5 Be5 24. Ng2 Qf6 25. Nc3 Ng7 26. Nb5 Bxb2 27. Nxd6 0-1

[Event "Tournoi Skype 028A"]
[Site "Skype"]
[Date "????.??.??"]
[Round "6.21"]
[White "Knafo, Michel"]
[Black "Cayo, Ana Carolina"]
[Result "1/2-1/2"]
[WhiteElo "1658"]
[BlackElo "1214"]
[PlyCount "43"]

1. e4 c6 2. d4 d5 3. Nd2 dxe4 4. Nxe4 Bf5 5. Ng3 Bg6 6. Nf3 Nd7 7. Bd3 Bxd3 8.
Qxd3 e6 9. O-O Ngf6 10. Re1 Be7 11. h3 O-O 12. Ne4 h6 13. Nxf6+ Nxf6 14. Be3
Rc8 15. c3 c5 16. Qe2 cxd4 17. Bxd4 Bc5 18. Rad1 Qe7 19. Qe3 Bxd4 20. Rxd4 b6
21. Red1 Rfd8 22. Rxd8+ 1/2-1/2

[Event "Tournoi Skype 028A"]
[Site "Skype"]
[Date "????.??.??"]
[Round "6.22"]
[White "Rodriguez Gonzalez, Jaime Rafael"]
[Black "Lambert, Pierre"]
[Result "1-0"]
[WhiteElo "1473"]
[BlackElo "1647"]
[PlyCount "79"]

1. d4 Nf6 2. Bf4 g6 3. Nf3 Bg7 4. e3 O-O 5. Nbd2 d6 6. h3 Nbd7 7. c3 b6 8. Qc2
Bb7 9. Bd3 Re8 10. e4 e5 11. dxe5 dxe5 12. Be3 Qe7 13. O-O Rac8 14. Rad1 Nc5
15. Bxc5 Qxc5 16. Rfe1 Nh5 17. b4 Qe7 18. Nc4 Nf4 19. Bf1 Rcd8 20. Nfd2 Bc8 21.
Nf3 Qf6 22. Rxd8 Qxd8 23. Qa4 a6 24. Rd1 Qe7 25. Qc6 f6 26. a4 Rd8 27. Rxd8+
Qxd8 28. Qa8 Kf8 29. Ne3 Ke7 30. a5 b5 31. c4 Qe8 32. cxb5 axb5 33. a6 Bd7 34.
Qb7 Qc8 35. Bxb5 c6 36. Bc4 Kd8 37. Qb6+ Qc7 38. Qc5 Kc8 39. Qe7 Ne6 40. Bxe6
1-0

[Event "Tournoi Skype 028A"]
[Site "Skype"]
[Date "????.??.??"]
[Round "6.23"]
[White "Mishra, Sourabh"]
[Black "Violette, Didier"]
[Result "1/2-1/2"]
[WhiteElo "1610"]
[BlackElo "1520"]
[PlyCount "89"]

1. d4 Nf6 2. c4 c5 3. e3 cxd4 4. exd4 d6 5. Nc3 g6 6. Nf3 Bg7 7. Bg5 h6 8. Be3
Bf5 9. Qd2 Nc6 10. Nh4 Bd7 11. Bd3 a6 12. Nxg6 fxg6 13. Bxg6+ Kf8 14. h3 Be8
15. Bf5 Bf7 16. b3 e6 17. Bc2 Qc7 18. Bf4 Nh5 19. Be3 Rd8 20. Rc1 Nb4 21. Bb1
Qe7 22. Ne2 d5 23. c5 Nc6 24. Nf4 Nxf4 25. Bxf4 Qf6 26. Bd6+ Ke8 27. O-O Nxd4
28. Rfe1 Bf8 29. Be5 Nf3+ 30. gxf3 Rg8+ 31. Bg3 h5 32. Kf1 Bh6 33. f4 h4 34.
Bh2 Qg7 35. f3 Bxf4 36. Bxf4 Qg1+ 37. Ke2 Rg2+ 38. Kd1 Rxd2+ 39. Bxd2 Qg2 40.
Kc2 Qxh3 41. Kb2 Qxf3 42. Bc2 Kd7 43. Rf1 Qh5 44. Bd1 Qh7 45. Bc2 1/2-1/2

[Event "Tournoi Skype 028A"]
[Site "Skype"]
[Date "????.??.??"]
[Round "6.24"]
[White "Garcia Diaz, Jose"]
[Black "Vasquez, Oscar"]
[Result "1-0"]
[WhiteElo "1513"]
[BlackElo "1585"]
[PlyCount "49"]

1. d4 e5 2. dxe5 Nc6 3. Nf3 Qe7 4. Nc3 Nxe5 5. Nxe5 Qxe5 6. Qd5 Bd6 7. Qxe5+
Bxe5 8. Bd2 Nf6 9. O-O-O c6 10. f3 d5 11. e4 Be6 12. exd5 Nxd5 13. Nxd5 Bxd5
14. Re1 f6 15. f4 Kf7 16. fxe5 fxe5 17. Rxe5 Rhe8 18. Rxe8 Rxe8 19. c4 Be6 20.
Bd3 Kg8 21. Re1 Bf7 22. Rxe8+ Bxe8 23. b4 a6 24. a4 h6 25. a5 1-0

[Event "Tournoi Skype 028A"]
[Site "Skype"]
[Date "????.??.??"]
[Round "6.25"]
[White "Perrone, Gabriel Lorenzo"]
[Black "Grib, Johannes"]
[Result "1/2-1/2"]
[WhiteElo "1377"]
[BlackElo "1542"]
[PlyCount "91"]

1. d4 e5 2. e4 Nf6 3. Bg5 Be7 4. Nc3 d6 5. Nf3 Bg4 6. Be2 c6 7. dxe5 dxe5 8.
O-O Qc7 9. h3 Bh5 10. Bh4 Bg6 11. Bd3 Nbd7 12. Qe2 h6 13. Rad1 Nb6 14. Bg3 Nfd7
15. Rd2 Bh7 16. a4 O-O 17. b3 Bb4 18. Rdd1 Bxc3 19. Qe3 Ba5 20. Be2 Rae8 21. c3
Nc8 22. Qd3 Nc5 23. Qc4 Bb6 24. a5 Nxe4 25. axb6 Qxb6 26. Bxe5 Qa5 27. Rd7 Rxe5
28. Nxe5 Qxe5 29. Qd4 Qxd4 30. Rxd4 Nxc3 31. Bd3 Bxd3 32. Rxd3 Ne2+ 33. Kh2 b6
34. b4 Nf4 35. Rc3 Nd5 36. Rc4 b5 37. Rxc6 Nxb4 38. Rc7 a6 39. Rb1 Nd5 40. Rc6
Ncb6 41. Ra1 Ra8 42. Rc5 b4 43. Rca5 Nc7 44. Rc5 Ra7 45. Rc6 Ncd5 46. Rc5
1/2-1/2

[Event "Tournoi Skype 028A"]
[Site "Skype"]
[Date "????.??.??"]
[Round "6.26"]
[White "Legueltel, Daniel"]
[Black "Zenini, Simone"]
[Result "1/2-1/2"]
[WhiteElo "1753"]
[BlackElo "1489"]
[PlyCount "62"]

1. d4 d5 2. c4 c6 3. e3 Bf5 4. Nc3 e6 5. Bd3 Bxd3 6. Qxd3 Nf6 7. Nf3 Be7 8. b3
Nbd7 9. Bb2 O-O 10. O-O Qc7 11. Rac1 Rac8 12. cxd5 exd5 13. e4 dxe4 14. Nxe4
Nxe4 15. Qxe4 Nf6 16. Qf5 Nd5 17. Ne5 Qa5 18. a4 Qb4 19. Qc2 Bg5 20. Rcd1 Rfe8
21. Nd3 Qd6 22. Nc5 Rc7 23. Rfe1 Ree7 24. Re2 Rxe2 25. Qxe2 Re7 26. Qf3 Qg6 27.
Kf1 Qc2 28. Ba3 Qa2 29. Bc1 Bxc1 30. Rxc1 Qd2 31. Nd3 g6 1/2-1/2